000 01316nam a2200253Ia 4500
999 _c38298
_d38298
001 4308
003 GE_BSU
005 20191004172626.0
008 181216s2007||||ge |||||||||||||| ||geo||
020 _a9994025228
040 _cGE_BSU
041 _ageo
080 _a398(479.22) შ–76
100 _aშიოშვილი, თინა
_91855
245 _aილია ჭავჭავაძე და ქართული ხალხური სიმღერა /
_cთინა შიოშვილი; რედ. როინ მალაყმაძე.
264 _a ბათუმი :
_bშოთა რუსთაველის სახელმწ. უნ-ტის გამ-ბა,
_c2007.
300 _a47 გვ. ;
_b19 სმ.
504 _aბიბლიოგრ. ტექსტ. შენიშვნ.
600 _aჭავჭავაძე ილია
_91252
653 _a ქართული ხალხური სიმღერები; ჭავჭავაძე, ილია
700 _aმალაყმაძე, როინ
_eრედაქტორი
_94544
710 _aსაქ. განათლ. და მეცნ. სამინ., ნიკო ბერძენიშვილის ინ-ტი.
_94545
942 _cBK
_2udc